000
00327nam a2200145Ia 4500
008
090122s9999 xx 000 0 und d
082
_b
7467
_a
822
100
_a
Chekhov
_b
Anton
245
_a
Silected Works
600
_a
Chekhov
630
_a
Silected Works
700
_a
Chekhov
730
_a
Silected Works
942
_c
BOOK
999
_c
31544
_d
31544